000 00753nam a22002057a 4500
003 JO-AjAnu
005 20240325121148.0
008 240325b jo ||||| |||| 00| 0 ara d
040 _aJO-AjAnu
_cJO-AjAnu
041 0 _aara
050 _aHF5413.B24 2012
100 1 _aالبكري،ثامر
_933264
_eمؤلف
245 0 _a استراتيجيات التسويق الأخضر : تطبيقات، حالات دراسية، دراسات سابقة /
_cتاليف ثامر البكري
250 _aالطبعة الاولى
260 _aعمان :
_bدار اثراء،
_c2012
300 _a496صفحة
500 _aيتضمن مراجع ببليوجرافية.
650 7 0 _aالتسويق-ادارة مبيعات
_929157
942 _2lcc
_cBK
_n0
999 _c33339
_d33339